[Event "Harare op"]
[Site "Harare"]
[Date "2015.12.28"]
[Round "2"]
[White "Abrantes, Persson"]
[Black "Phiri, Godwin"]
[Result "1/2-1/2"]
[WhiteElo "2051"]
[BlackElo "2146"]
[PlyCount "110"]
[EventDate "2015.12.28"]
[EventType "swiss"]
[EventRounds "9"]
[EventCountry "ZIM"]
[SourceTitle "EXT 2017"]
[Source "ChessBase"]
[SourceDate "2016.10.25"]
[SourceVersion "1"]
[SourceVersionDate "2016.10.25"]
[SourceQuality "1"]

1. e4 d5 2. exd5 Qxd5 3. Nc3 Qd8 4. Bc4 Nf6 5. Nf3 e6 6. 0-0 Be7 7. d4 0-0 8. Ne2 b6 9. Nf4 Ba6 10. Qe2 Bxc4 11. Qxc4 c5 12. Re1 Bd6 13. Ne5 Qc7 14. c3 cxd4 15. Qxd4 Rd8 16. g3 Nc6 17. Nxc6 Qxc6 18. Qe3 Rd7 19. Qe2 Rad8 20. Ng2 h6 21. Be3 Bc5 22. Bxc5 Rd2 23. Rad1 Rxe2 24. Rxd8+ Kh7 25. Rxe2 Qxc5 26. Red2 Ne4 27. R2d4 Qf5 28. f4 Nf6 29. Rd1 Qc5+ 30. R8d4 g6 31. h3 Qh5 32. h4 Kg7 33. R1d2 Qg4 34. Kf2 Qf5 35. Re2 Qb1 36. Ne3 Qh1 37. Nf1 b5 38. a4 a6 39. axb5 axb5 40. b3 Qc6 41. c4 bxc4 42. bxc4 Qc5 43. Ke3 e5 44. fxe5 Ng4+ 45. Kd3 Nxe5+ 46. Rxe5 Qxe5 47. g4 Qf6 48. Ne3 Qxh4 49. c5 Qf6 50. Rc4 Qc6 51. Nc2 f5 52. gxf5 gxf5 53. Nd4 Qe4+ 54. Kc3 Qe1+ 55. Kb3 Qb1+ 1/2-1/2